000 00239nam a22000977a 4500
003 SGT
245 _aPeriodontology 2000
260 _aWilley black well
_c2011,2013-2020
300 _a197,233,273,404,201,194,272,228,296,216
942 _2ddc
_cBV
999 _c31267
_d31267